|
|
|
|
| LEADER |
00777cam a2200205 7i4500 |
| 001 |
0000046646 |
| 005 |
20200102090000.0 |
| 020 |
|
|
|a 9780679761457 (pbk.)
|
| 020 |
|
|
|a 0679761454 (pbk.)
|
| 090 |
0 |
0 |
|a DS119.7
|b .S24 1994
|
| 100 |
1 |
|
|a Said, Edward W
|
| 245 |
1 |
4 |
|a The politics of dispossession :
|b the struggle for Palestinian self-determination, 1969-1994
|c Edward W. Said.
|
| 260 |
|
|
|a New York:
|b Vintage Books,
|c 1994.
|
| 300 |
|
|
|a 450 p.
|
| 500 |
|
|
|a Gift: Zainol Ahmad Resource Center
|
| 650 |
0 |
0 |
|a Self-determination, National
|
| 650 |
0 |
0 |
|a Palestinian Arabs --
|x Politics and government
|
| 650 |
0 |
0 |
|a Arab-Israeli conflict --
|y 1973-1993
|
| 651 |
|
0 |
|a Arab countries --
|x Politics and government --
|y 1945-
|
| 999 |
|
|
|a 0000068233
|b BOK
|c OPEN SHELF
|e 1st Floor, Bestari Jaya
|